Sociologie organizace a byrokracie /
Gespeichert in:
| 1. Verfasser: | |
|---|---|
| Format: | Buch |
| Sprache: | Tschechisch |
| Veröffentlicht: |
Praha
Sociologické nakladatelství
2010
|
| Ausgabe: | 2., přepr. vyd. |
| Schriftenreihe: | Základy sociologie
|
| Schlagworte: | |
| Tags: |
Keine Tags, Fügen Sie das erste Tag hinzu!
|
MARC
| LEADER | 00000nam a22000003a 4500 | ||
|---|---|---|---|
| 001 | 0083484 | ||
| 003 | SK-STU | ||
| 005 | 20200925110833.2 | ||
| 007 | ta | ||
| 008 | 200925s ----xo-----e------000-0-----d | ||
| 020 | |a 978-80-86429-74-8 | ||
| 040 | |a STU |b slo | ||
| 041 | 0 | |a cze | |
| 044 | |a xr | ||
| 100 | 1 | |a Keller, Jan |4 aut | |
| 245 | 1 | 0 | |a Sociologie organizace a byrokracie / |c aut. Jan Keller |
| 250 | |a 2., přepr. vyd. | ||
| 260 | |a Praha |b Sociologické nakladatelství |c 2010 | ||
| 300 | |a 182 s. | ||
| 490 | 0 | |a Základy sociologie | |
| 650 | 0 | 7 | |a sociológia podniku |
| 996 | |b 284M088413 |c M* 14343-1 |l MMST |s A |a 24 |w 0083484_0001 | ||